000 00791nas a2200253 4500
001 BR2013008872
003 BR-BrBNA
005 20231205123222.0
007 ta
008 230509b bl.|||p| |||| 00| 00por d
040 _aBR-BrBNA
_bpor
_cBiblioteca Nacional de Agricultura
041 _a(Pt)
072 _aM12
100 1 _aGorni, G.R.
100 1 _aLoibel, S.
245 1 _aUso da abordagem bayesiana no estudo da dieta do peixe-galo, selene setapinnis (Teleostei: Carangidae)nova proposta de análise
650 _aPEIXE
650 _aTAMUATA
650 _aDIETA
650 _aECOSISTEMA
773 0 _tArquivos de Ciências do Mar (Brazil)
_xISSN 0374-5686
_g(Jun 2013), v. 46(1) p. 102-106
_wBR2013008872
909 _a202311
_bLúcia
_c55
_dLúcia Elande
942 _2AGRIS
_n0
_cANA
999 _c232758
_d232758